Statistics for Countries Named After People

Click here to take the quiz!

General Stats

  • This quiz has been taken 114 times
  • The average score is 8 of 10

Answer Stats

Person who gave a name To this country % Correct
John MarshallMarshall Islands
100%
Saint LucySaint Lucia
94%
Saint DominicDominican Republic
94%
NicaroaNicaragua
93%
Philip IIPhilippines
85%
Amerigo VespucciUnited States of America
83%
Maurice of Nassau, Prince of OrangeMauritius
79%
Öz Bekh KhanUzbekistan
74%
Saint MarinusSan Marino
67%
Thomas GilbertKiribati
23%

Score Distribution

Percentile by Number Answered

Percent of People with Each Score

Your Score History

You have not taken this quiz